<?xml version="1.0" encoding="UTF-8"?>
<record
    xmlns:xsi="http://www.w3.org/2001/XMLSchema-instance"
    xsi:schemaLocation="http://www.loc.gov/MARC21/slim http://www.loc.gov/standards/marcxml/schema/MARC21slim.xsd"
    xmlns="http://www.loc.gov/MARC21/slim">

  <leader>02553nam a22002777a 4500</leader>
  <controlfield tag="005">20240108095957.0</controlfield>
  <controlfield tag="008">230208b           ||||| |||| 00| 0 eng d</controlfield>
  <datafield tag="020" ind1=" " ind2=" ">
    <subfield code="a">9789356063570</subfield>
  </datafield>
  <datafield tag="040" ind1=" " ind2=" ">
    <subfield code="c">AL</subfield>
  </datafield>
  <datafield tag="041" ind1=" " ind2=" ">
    <subfield code="a">English</subfield>
  </datafield>
  <datafield tag="082" ind1=" " ind2=" ">
    <subfield code="2">23</subfield>
    <subfield code="a">001.535</subfield>
    <subfield code="b">RUSA</subfield>
  </datafield>
  <datafield tag="100" ind1=" " ind2=" ">
    <subfield code="a">Stuart Russell and others</subfield>
    <subfield code="9">147570</subfield>
  </datafield>
  <datafield tag="245" ind1=" " ind2=" ">
    <subfield code="a">Artifical Intelligence: A Modern Approach</subfield>
  </datafield>
  <datafield tag="250" ind1=" " ind2=" ">
    <subfield code="a">4.</subfield>
  </datafield>
  <datafield tag="260" ind1=" " ind2=" ">
    <subfield code="a">Noida</subfield>
    <subfield code="b">Pearson India Education Services Pvt Ltd</subfield>
    <subfield code="c">2022</subfield>
  </datafield>
  <datafield tag="300" ind1=" " ind2=" ">
    <subfield code="a">1288 p.</subfield>
    <subfield code="b">PB</subfield>
    <subfield code="c">25x20 cm.</subfield>
  </datafield>
  <datafield tag="365" ind1=" " ind2=" ">
    <subfield code="a">7544</subfield>
    <subfield code="b">760.00</subfield>
    <subfield code="c">&#x20B9;</subfield>
    <subfield code="d">&#x20B9;950.00</subfield>
    <subfield code="e">20%</subfield>
    <subfield code="f">31-01-2023</subfield>
  </datafield>
  <datafield tag="520" ind1=" " ind2=" ">
    <subfield code="a">The long-anticipated revision of Artificial Intelligence: A Modern Approach explores the full breadth and depth of the field of artificial intelligence (AI). The 4th Edition brings readers up to date on the latest technologies, presents concepts in a more unified manner, and offers new or expanded coverage of machine learning, deep learning, transfer learning, multiagent systems, robotics, natural language processing, causality, probabilistic programming, privacy, fairness, and safe AI.
Features
Nontechnical learning material introduces major concepts using intuitive explanations, before going into mathematical or algorithmic details
A unified approach to AI shows students how the various subfields of AI fit together to build actual, useful programs.
In-depth coverage of both basic and advanced topics provides students with a basic understanding of the frontiers of AI without compromising complexity and depth.
</subfield>
  </datafield>
  <datafield tag="521" ind1=" " ind2=" ">
    <subfield code="a">Table of Contents
1 Introduction 2 Intelligent Agents 3 Solving Problems by Searching 4 Search in Complex Environments 5 Constraint Satisfaction Problems 6 Adversarial Search and Games 7 Logical Agents 8 First-Order Logic 9 Inference in First-Order Logic 10 Knowledge Representation 11 Automated Planning 12 Quantifying Uncertainty 13 Probabilistic Reasoning 14 Probabilistic Reasoning over Time 15 Making Simple Decisions 16 Making Complex Decisions 17 Multiagent Decision Making 18 Learning from Examples 19 Knowledge in Learning 20 Learning Probabilistic Models 21 Deep Learning 22 Reinforcement Learning 23 Natural Language Processing 24 Deep Learning for Natural Language Processing 25 Robotics 26 Computer Vision 27 Philosophy and Ethics of AI 28 Future of AI 29 Probabilistic Programming (Online)
</subfield>
  </datafield>
  <datafield tag="650" ind1=" " ind2=" ">
    <subfield code="a">Artificial Intelligence</subfield>
    <subfield code="9">71219</subfield>
  </datafield>
  <datafield tag="650" ind1=" " ind2=" ">
    <subfield code="a"> Knowledge Reasoning and Planning</subfield>
    <subfield code="9">71220</subfield>
  </datafield>
  <datafield tag="650" ind1=" " ind2=" ">
    <subfield code="a">Learning</subfield>
    <subfield code="9">71221</subfield>
  </datafield>
  <datafield tag="700" ind1=" " ind2=" ">
    <subfield code="a">RUSSELL (Stuart J)</subfield>
    <subfield code="9">71222</subfield>
  </datafield>
  <datafield tag="700" ind1=" " ind2=" ">
    <subfield code="a">NORVIG (Peter)</subfield>
    <subfield code="9">71223</subfield>
  </datafield>
  <datafield tag="942" ind1=" " ind2=" ">
    <subfield code="2">ddc</subfield>
    <subfield code="c">BK</subfield>
  </datafield>
  <datafield tag="999" ind1=" " ind2=" ">
    <subfield code="c">226607</subfield>
    <subfield code="d">226607</subfield>
  </datafield>
  <datafield tag="952" ind1=" " ind2=" ">
    <subfield code="0">0</subfield>
    <subfield code="1">0</subfield>
    <subfield code="2">ddc</subfield>
    <subfield code="4">0</subfield>
    <subfield code="7">0</subfield>
    <subfield code="8">CAA</subfield>
    <subfield code="a">AL</subfield>
    <subfield code="b">AL</subfield>
    <subfield code="d">2023-02-07</subfield>
    <subfield code="e">Biblios Book Point Surathkal Mangalore 575014</subfield>
    <subfield code="g">760.00</subfield>
    <subfield code="l">3</subfield>
    <subfield code="o">001.535 RUSA</subfield>
    <subfield code="p">076392</subfield>
    <subfield code="r">2026-03-17 09:15:35</subfield>
    <subfield code="s">2025-11-26</subfield>
    <subfield code="v">950.00</subfield>
    <subfield code="w">2023-02-08</subfield>
    <subfield code="y">BK</subfield>
  </datafield>
  <datafield tag="952" ind1=" " ind2=" ">
    <subfield code="0">0</subfield>
    <subfield code="1">0</subfield>
    <subfield code="2">ddc</subfield>
    <subfield code="4">0</subfield>
    <subfield code="7">0</subfield>
    <subfield code="8">CAA</subfield>
    <subfield code="a">AL</subfield>
    <subfield code="b">AL</subfield>
    <subfield code="d">2024-01-06</subfield>
    <subfield code="e">Biblios Book Point Surathkal Mangalore 575014</subfield>
    <subfield code="g">680.00</subfield>
    <subfield code="l">4</subfield>
    <subfield code="o">001.535 RUSA</subfield>
    <subfield code="p">077026</subfield>
    <subfield code="r">2026-03-24 08:42:03</subfield>
    <subfield code="s">2025-11-21</subfield>
    <subfield code="v">850.00</subfield>
    <subfield code="y">BK</subfield>
  </datafield>
  <datafield tag="952" ind1=" " ind2=" ">
    <subfield code="0">0</subfield>
    <subfield code="1">0</subfield>
    <subfield code="2">ddc</subfield>
    <subfield code="4">0</subfield>
    <subfield code="7">0</subfield>
    <subfield code="8">CAA</subfield>
    <subfield code="a">AL</subfield>
    <subfield code="b">AL</subfield>
    <subfield code="d">2024-01-06</subfield>
    <subfield code="e">Biblios Book Point Surathkal Mangalore 575014</subfield>
    <subfield code="g">680.00</subfield>
    <subfield code="l">3</subfield>
    <subfield code="o">001.535 RUSA</subfield>
    <subfield code="p">077027</subfield>
    <subfield code="r">2026-03-28 09:27:48</subfield>
    <subfield code="s">2025-11-24</subfield>
    <subfield code="v">850.00</subfield>
    <subfield code="y">BK</subfield>
  </datafield>
</record>
